000
00309nam a2200121Ia 4500
008
231106s2002 xx 000 0 und d
041
_a
eng
082
_a
741.685
100
_a
CHERYL DANGEL CULLEN
245
_a
THE BEST OF BUSINESS CARD DESIGN NO.5
260
_b
ROCKPORT PUBLISHERS
_c
2002
300
_a
H-192
999
_c
920529
_d
920529